000 00432nam a2200181Ia 4500
001 8720
005 20260306160630.0
008 260306t1999||||xx |||||||||||||| ||spa||
041 _aESP
082 _a371.3
_bM49
100 _aMeza Valera, Walter
_eAUT
245 0 _aCuando la tele auxilia a la educación
260 _c1999
300 _a193 páginas :
_c23 cm.
650 _aGEN
654 _aCED
942 _cLIB
_dJUS
_fJUS
_2ddc
_n
999 _c8720
_d8720